000 00780 a2200229 4500
001 216222021
003 UA-OsUOA
005 20220314110858.0
008 220209b un ||||| |||| 00| 0 ukr d
040 _aUA-OsUOA
_bukr
_cUA-OsUOA
_dUA-OsUOA
041 _aukr
080 _a050
090 _a050
_bА57
245 _aАльманах Українського Народного Союзу
_nРічник 101
_cред. П. Часто
260 _bСвобода
_c2014
_aПарсіппані
300 _a240 с.
591 _bОльга Матула
650 _2UDC
_a050 Періодика
942 _cMG
_2udc
955 _a0
999 _c572154
_d572154